000 01556nam0a22002651 4500
001 rc\4389251
005 20260407121606.0
021 _aRU
_b[66-68257]
035 _a(NLR Aleph) 008552688
090 _a8416282
_c8416282
100 _a20130416d1966 |||y0rusy50 ca
101 0 _arus
102 _aRU
105 _ay z |||||
200 1 _aТезисы докладов Всесоюзной конференции (IV межвузовской конференции) по вопросам сегнетоэлектричества и физики неорганических диэлектриков
_fМ-во высш. и сред. спец. образования СССР. М-во высш. и сред. спец. образования УССР. АН СССР. Днепропетр. гос. ун-т им. 300-летия воссоединения Украины с Россией. Ин-т полупроводников АН СССР. Ин-т кристаллографии АН СССР
210 _aДнепропетровск
_cБ. и.
_d1966
215 _a200 с.
_d21
606 _aДиэлектрики
_xФизика
_jТезисы докладов
_2psbo
606 _aСегнетоэлектричество
_jТезисы докладов
_2psbo
710 1 2 _aВсесоюзная конференция по сегнетоэлектричеству
_d5
_f1966
_eДнепропетровск
_3RU\NLR\AUTH\8810070312
_9642312
801 0 _aRU
_bNLR
_gpsbo
801 1 _aRU
_bELAR
_2rusmarc
852 _aNLR
_j66-3/5209
942 _cBOOK
980 _aNB